Les Chansons les Plus Vues qui sont Plus Anciennes que Youtube - Statistiques

Statistiques générales
  • Ce quiz a été pris 38 fois
  • Le résultat moyen est 6 sur 50
Statistiques - réponses
Millions de Vues Date de Sortie Nom de la chanson % Correct
862 1983 Thriller - Mickael Jackson
65%
1260 1983 Billie Jean - Mickael Jackson
59%
881 1983 Beat It - Mickael Jackson
47%
1547 1975 Bohemian Rhapsody - Queen
44%
1194 1999 Still D.R.E. - Dr. Dre & Snoop Dogg
26%
1314 1992 I Will Always Love You - Whitney Houston
24%
1254 2002 Lose Yourself - Eminem
24%
1559 1985 Take On Me - A-Ha
24%
797 1979 Don't Stop Me Now - Queen
21%
1621 2003 In Da Club - 50 Cent
21%
1317 1987 Never Gonna Give You Up - Rick Astley
21%
1530 2002 Without Me - Eminem
21%
1572 1991 Smells Like Teen Spirit - Nirvana
15%
811 1982 Africa - Toto
12%
1125 1997 Barbie Girl - Aqua
12%
1060 1986 The Final Countdown - Europe
12%
985 1991 Wind Of Change - Scorpions
12%
1288 1994 Zombie - The Cranberries
12%
897 1980 Back In Black - AC/DC
9%
995 2000 Californication - Red Hot Chili Peppers
9%
1118 1983 Girls Just Want To Have Fun - Cyndi Lauper
9%
1963 1992 November Rain - Guns N' Roses
9%
1190 1990 Thunderstruck - AC/DC
9%
1212 2001 Chop Suey - System Of A Down
6%
1117 1995 Gangsta's Paradise - Coolio & L.V.
6%
1451 2001 In The End - Linkin Park
6%
977 1986 Livin' On A Prayer - Bon Jovi
6%
1024 1991 Losing My Religion - R.E.M.
6%
1185 1992 Nothing Else Matters - Metallica
6%
1453 1988 Sweet Child O' Mine - Guns N' Roses
6%
886 1994 Always - Bon Jovi
3%
946 1984 Careless Whisper - George Michael
3%
1277 2002 Dilemma - Nelly & Kelly Rowland
3%
1018 1983 Every Breath You Take - The Police
3%
1157 1999 I Want It That Way - Backstreet Boys
3%
1887 2003 Numb - Linkin Park
3%
1258 1993 Somewhere Over The Rainbow - Israel Kamakawiwo'ole
3%
1067 2002 The Scientist - Coldplay
3%
858 1997 Bitter Sweet Symphony - The Verve
0%
1110 2003 Bring Me To Life - Evanescence
0%
947 1996 Don't Speak - No Doubt
0%
839 1982 Eye Of The Tiger - Survivor
0%
1190 2000 It's My Life - Bon Jovi
0%
1017 2003 Like A Stone - Audioslave
0%
875 2003 My Immortal - Evanescence
0%
916 2004 The Reason - Hoobastank
0%
960 1996 They Don't Care About Us - Mickael Jackson
0%
920 1983 Total Eclipse Of The Heart - Bonnie Tyler
0%
1419 1993 What's Up ? - 4-Non-Blondes
0%
863 2003 Where Is The Love ? - Black Eyed Peas
0%
Aucun quiz correspondant
Distribution des résultats
% des personnes avec chaque résultat
Percentile par nombre de réponses
Votre historique - résultats
Vous n’avez pas pris ce quiz